000 00437nam a2200157Ia 4500
005 20250404105342.0
008 231217s9999 xx 000 0 und d
020 _a9788131418703
082 _a342.0853 SRI;1 R
100 _aSri Krishna, C ed.
245 0 _aTechnology transfer : intellectual property rights
260 _c2008
_bICFAI Press
_aHyderabad
300 _aviii, 202
650 _atransfer,property,rights
942 _cAA
999 _c191559
_d191559